| 000 | 00000nam##2200000za#4500 |
| 001 | 9.693952 |
| 003 | CaOODSP |
| 005 | 20220107102633 |
| 007 | cr ||||||||||| |
| 008 | 150407|2010||||xxc|||||o f|0| 0 eng|d |
| 020 | |a978-1-100-17288-0 |
| 040 | |aCaOODSP|beng |
| 043 | |an-cn--- |
| 086 | 1 |aHP5-103/2010E-PDF |
| 110 | 2 |aPublic Health Agency of Canada. |bAudit Services Division. |
| 245 | 10|aAudit report - crisis communications |h[electronic resource] |
| 260 | |aOttawa - Ontario : |bPublic Health Agency of Canada. |cOctober 2010. |
| 300 | |a39p.|btables |
| 590 | |a12-25-Supp|b2012-06-04 |
| 690 | 07|aCrisis|2gcpds |
| 690 | 07|aCommunications|2gcpds |
| 775 | 08|tRapport de vérification - communications en situation de crise |w(CaOODSP)9.638133 |
| 856 | 40|ahttp://publications.gc.ca|qPDF|s195 KB|uhttps://publications.gc.ca/collections/collection_2012/aspc-phac/HP5-103-2010-eng.pdf |